<?xml version="1.0" encoding="UTF-8"?><?xml-stylesheet type="text/xsl" href="static/style.xsl"?><OAI-PMH xmlns="http://www.openarchives.org/OAI/2.0/" xmlns:xsi="http://www.w3.org/2001/XMLSchema-instance" xsi:schemaLocation="http://www.openarchives.org/OAI/2.0/ http://www.openarchives.org/OAI/2.0/OAI-PMH.xsd"><responseDate>2026-04-14T07:58:51Z</responseDate><request verb="GetRecord" identifier="oai:www.recercat.cat:10230/52394" metadataPrefix="marc">https://recercat.cat/oai/request</request><GetRecord><record><header><identifier>oai:recercat.cat:10230/52394</identifier><datestamp>2025-12-17T20:24:23Z</datestamp><setSpec>com_2072_6</setSpec><setSpec>col_2072_452954</setSpec></header><metadata><record xmlns="http://www.loc.gov/MARC21/slim" xmlns:dcterms="http://purl.org/dc/terms/" xmlns:xsi="http://www.w3.org/2001/XMLSchema-instance" xmlns:doc="http://www.lyncode.com/xoai" xsi:schemaLocation="http://www.loc.gov/MARC21/slim http://www.loc.gov/standards/marcxml/schema/MARC21slim.xsd">
   <leader>00925njm 22002777a 4500</leader>
   <datafield ind2=" " ind1=" " tag="042">
      <subfield code="a">dc</subfield>
   </datafield>
   <datafield ind2=" " ind1=" " tag="720">
      <subfield code="a">Klein, Carla</subfield>
      <subfield code="e">author</subfield>
   </datafield>
   <datafield ind2=" " ind1=" " tag="260">
      <subfield code="c">2022-02-02T14:03:16Z</subfield>
   </datafield>
   <datafield ind2=" " ind1=" " tag="260">
      <subfield code="c">2022-02-02T14:03:16Z</subfield>
   </datafield>
   <datafield ind2=" " ind1=" " tag="260">
      <subfield code="c">2021</subfield>
   </datafield>
   <datafield ind2=" " ind1=" " tag="520">
      <subfield code="a">Tutora: Maria Pilar Medina-Bravo</subfield>
   </datafield>
   <datafield ind2=" " ind1=" " tag="520">
      <subfield code="a">Treball de fi de Màster en Estudis Internacionals sobre Mitjans, Poder i Diversitat</subfield>
   </datafield>
   <datafield ind2=" " ind1=" " tag="520">
      <subfield code="a">Menstruation is a biological process that affects half of humanity – most of them women.&#xd;
However, menstruation is more than just a physiological phenomenon, as it is linked to social&#xd;
constructions and norms. Dominant menstrual narratives, including menstrual stigmas and&#xd;
taboos, are constantly (re)produced and reinforced by (mediated) representations, depicting&#xd;
menstruation as shameful, disgusting and something that should be hidden. Based on relevant&#xd;
literature and empirical findings, this research paper analyses the discourse surrounding the&#xd;
menstrual hygiene product ‘pinky gloves’. Through a qualitative content analysis of German&#xd;
newspaper articles the dominant menstrual narratives: stigmatization, medicalization, and&#xd;
commercialization haven been detected within the considered discourse. Menstrual taboos,&#xd;
including both communication and activity taboos, are further highlighted within the presented&#xd;
sample. By rather criticizing than reproducing menstrual stigmas and taboos the coverage&#xd;
addressing the ‘pinky-gloves’, is disrupting the dominant menstrual discourse, intending to&#xd;
normalize the stigmatized condition of menstruation.</subfield>
   </datafield>
   <datafield tag="653" ind2=" " ind1=" ">
      <subfield code="a">Menstruation</subfield>
   </datafield>
   <datafield tag="653" ind2=" " ind1=" ">
      <subfield code="a">menstrual narratives</subfield>
   </datafield>
   <datafield tag="653" ind2=" " ind1=" ">
      <subfield code="a">menstrual stigma and taboos</subfield>
   </datafield>
   <datafield tag="653" ind2=" " ind1=" ">
      <subfield code="a">qualitative content analysis</subfield>
   </datafield>
   <datafield tag="653" ind2=" " ind1=" ">
      <subfield code="a">public discourse</subfield>
   </datafield>
   <datafield tag="653" ind2=" " ind1=" ">
      <subfield code="a">case study</subfield>
   </datafield>
   <datafield ind2="0" ind1="0" tag="245">
      <subfield code="a">Menstrual narratives in the German public discourse:&#xd;
‘Pinky Gloves’ – A case study</subfield>
   </datafield>
</record></metadata></record></GetRecord></OAI-PMH>